| 000 | 00797nam a22002177a 4500 | ||
|---|---|---|---|
| 003 | UA-OsUOA | ||
| 001 | 46298 | ||
| 007 | ta | ||
| 008 | 20070613b un ||||| |||| 00| 0 ukr d | ||
| 100 | _aСавицький О. | ||
| 090 |
_a330(477) _bС-11 |
||
| 942 | _cSA | ||
| 040 |
_aUA-OsUOA _bfre _cUA-OsUOA _dUA-OsUOA |
||
| 245 | _a"Ми спостерігатимемо прогрес". МВФ зробив для України позитивний прогноз/ Зусріч Президента України Ющенка В.А. з заступником директора-розпорядника МВФ Джоном Ліпскі | ||
| 300 | _aС.5 | ||
| 955 | _a0 | ||
| 041 | _afre | ||
| 080 | _a330(477) | ||
| 773 | 0 | _w46297 | |
| 650 | 7 |
_a330 Економіка взагалі _2UDC |
|
| 999 |
_c332387 _d332387 |
||